Demystifying chipmaking (Record no. 81984)
[ view plain ]
| 000 -LEADER | |
|---|---|
| fixed length control field | 01224nam a2200301 4500 |
| 082 04 - DEWEY DECIMAL CLASSIFICATION NUMBER | |
| Classification number | 621.39732 |
| 100 1# - MAIN ENTRY--AUTHOR NAME | |
| Personal name | Yanda, Richard F. |
| 245 10 - TITLE STATEMENT | |
| Title | Demystifying chipmaking |
| 260 ## - PUBLICATION, DISTRIBUTION, ETC. (IMPRINT) | |
| Place of publication | Oxford : |
| Name of publisher | Newnes ; |
| Place of publication | Amsterdam : |
| Name of publisher | Elsevier, |
| Year of publication | 2005. |
| 300 ## - PHYSICAL DESCRIPTION | |
| Number of Pages | xvii, 256 p. : |
| Other physical details | ill. |
| 650 #0 - SUBJECT ADDED ENTRY--TOPICAL TERM | |
| Topical Term | Logic circuits |
| Topical Term | Metal oxide semiconductors, Complementary. |
| 700 1# - ADDED ENTRY--PERSONAL NAME | |
| Personal name | Heynes, Michael. |
| Personal name | Miller, Anne K. |
| 856 40 - ELECTRONIC LOCATION AND ACCESS | |
| Uniform Resource Identifier | http://site.ebrary.com/lib/rucke/Doc?id=10127899 |
No items available.
